000 01140cam a22003497a 4500
003 CHAP
005 20220817043921.0
008 031113d2002 it a rnn 00010 spa d
010 _a87898
011 _a88870
035 _a99415
040 _cCHAP
082 0 4 _a333
_bF31y 2002/1
110 2 _aFAO
245 1 0 _aReforma agraria :
_bcolonización y cooperativas
_c/por FAO
246 3 _aLand reform : land settlement and cooperative
246 3 _aRéforme agraire : colonisation et coopératives agricoles
260 _aRoma :
_bFAO,
_c2002.
300 _a130 p.
_bilus.
500 _aTrilingüe : (español, inglés, francés)
590 _aBATCH-UPD
_b10
_c20130110
_lUCH01
_h1608
590 _aBATCH-UPD
_b10
_c20130410
_lUCH01
_h1004
590 _aBATCH-UPD
_b10
_c20130914
_lUCH01
_h1011
590 _aCONVERSION
_b10
_c20130109
_lUCH01
_h1349
650 1 4 _aColonización agrícola.
_925386
650 1 4 _aReforma agraria.
_995517
650 1 4 _aSociedades cooperativas.
_9108118
901 _aBK
905 _aAlejandra Carrasco M.
942 _cLIBRO
949 _a333 F31y 2002/1
_bBC
_cFAO
_d33724000891594
_eFAO1
_h104146
_i99415
_sb
999 _c87898
_d87898